[Event "Budapest-chT1 Lilienthal 1516"]
[Site "Budapest"]
[Date "2015.09.20"]
[Round "1"]
[White "Horvath, Ilona Klara"]
[Black "Sziklai, Istvan"]
[Result "1/2-1/2"]
[WhiteElo "1880"]
[BlackElo "1725"]
[PlyCount "22"]
[EventDate "2015.09.20"]
[EventType "team-tourn"]
[EventRounds "9"]
[EventCountry "HUN"]
[SourceTitle "EXT 2021"]
[Source "ChessBase"]
[SourceDate "2020.10.23"]
[SourceVersion "1"]
[SourceVersionDate "2020.10.23"]
[SourceQuality "1"]
[WhiteTeam "Fabulon"]
[BlackTeam "Taban Spartacus II"]
[WhiteTeamCountry "HUN"]
[BlackTeamCountry "HUN"]

1. e4 c5 2. f4 Nc6 3. c3 d5 4. e5 e6 5. d3 Nge7 6. Nf3 h5 7. h3 Nf5 8. Na3 a6 9. Nc2 Be7 10. Be3 Nxe3 11. Nxe3 Bh4+ 1/2-1/2

[Event "Budapest-chT1 Lilienthal 1314"]
[Site "Budapest"]
[Date "2014.03.09"]
[Round "9"]
[White "Furedi, Erik"]
[Black "Sziklai, Istvan"]
[Result "1-0"]
[WhiteElo "1923"]
[BlackElo "1721"]
[PlyCount "47"]
[EventDate "2013.09.29"]
[EventType "team-tourn"]
[EventRounds "11"]
[EventCountry "HUN"]
[SourceTitle "EXT 2021"]
[Source "ChessBase"]
[SourceDate "2020.10.23"]
[SourceVersion "1"]
[SourceVersionDate "2020.10.23"]
[SourceQuality "1"]
[WhiteTeam "Budapest Vasas II"]
[BlackTeam "Taban Spartacus II"]
[WhiteTeamCountry "HUN"]
[BlackTeamCountry "HUN"]

1. e4 c5 2. Nf3 d6 3. d4 cxd4 4. Nxd4 Nf6 5. Nc3 a6 6. Be2 e5 7. Nb3 Be6 8. Be3 Nbd7 9. 0-0 Rc8 10. f3 b5 11. Qd2 Be7 12. a4 b4 13. Nd5 Nxd5 14. exd5 Bf5 15. Bxa6 Rxc2 16. Qxb4 0-0 17. Rfc1 Qc7 18. Bb5 Nf6 19. Bc6 Rb8 20. Qa3 Qd8 21. a5 Rxc6 22. dxc6 Nd5 23. c7 Nxc7 24. Bb6 1-0

[Event "Budapest-chT1 Lilienthal 1314"]
[Site "Budapest"]
[Date "2013.11.10"]
[Round "3"]
[White "Sziklai, Istvan"]
[Black "Mercz, Bela"]
[Result "1-0"]
[WhiteElo "1721"]
[BlackElo "1683"]
[PlyCount "45"]
[EventDate "2013.09.29"]
[EventType "team-tourn"]
[EventRounds "11"]
[EventCountry "HUN"]
[SourceTitle "EXT 2021"]
[Source "ChessBase"]
[SourceDate "2020.10.23"]
[SourceVersion "1"]
[SourceVersionDate "2020.10.23"]
[SourceQuality "1"]
[WhiteTeam "Taban Spartacus II"]
[BlackTeam "Csepel"]
[WhiteTeamCountry "HUN"]
[BlackTeamCountry "HUN"]

1. e4 e6 2. d4 d5 3. Nd2 dxe4 4. Nxe4 Nf6 5. Bg5 Be7 6. Bxf6 Bxf6 7. Nf3 0-0 8. Bd3 Be7 9. h4 Nc6 10. c3 Bd7 11. Qe2 a6 12. Neg5 h6 13. Bh7+ Kh8 14. Bc2 b5 15. Qd3 f5 16. 0-0-0 Kg8 17. d5 hxg5 18. dxc6 Bxc6 19. Qe2 Qc8 20. Nxg5 Rf6 21. Nxe6 Rxe6 22. Bb3 Bd7 23. Rxd7 1-0